Programme & Abstract Book, (Record no. 25459)
[ view plain ]
| 000 -LEADER | |
|---|---|
| fixed length control field | 00301nam a22001217a 4500 |
| 040 ## - CATALOGING SOURCE | |
| Transcribing agency | RUA |
| 082 ## - DEWEY DECIMAL CLASSIFICATION NUMBER | |
| Classification number | RNA Fac 2014 C108 Or. |
| 100 ## - MAIN ENTRY--AUTHOR NAME | |
| Personal name | FACULTY OF VETERINARY MEDICINE |
| 245 ## - TITLE STATEMENT | |
| Title | Programme & Abstract Book, |
| 260 ## - PUBLICATION, DISTRIBUTION, ETC. (IMPRINT) | |
| Place of publication | PHNOM PENH |
| Name of publisher | RUA |
| Year of publication | 2014 |
| 300 ## - PHYSICAL DESCRIPTION | |
| Number of Pages | xxii,76p, |
| Other physical details | ill, |
| Dimensions | 29cm, |
| 942 ## - ADDED ENTRY ELEMENTS (KOHA) | |
| Koha item type | ឯកសារស្រាវជ្រាវ |
| 952 ## - LOCATION AND ITEM INFORMATION (KOHA) | |
| Withdrawn status [LOCAL, KOHA] | 0 |
| Permanent Location | Date acquired | Koha item type | Lost status | Shelving location | Barcode | Current Location | Full call number |
|---|---|---|---|---|---|---|---|
| Library Block C | 2026-02-04 | ឯកសារស្រាវជ្រាវ | C108 | C034281 | Library Block C | RNA Fac 2014 C108 Or. |